1404 1434 1760 1929 1034 1902 1684 1317 1725 1222 1122 1964 1250 1378 1887 1355 1458 1230 1398 1191 1573 1602 1143 1175 1827 1552 1436 1502 1280 1103 1009 1457 1247 1686 1847 1077 1972 1675 1599 1983 1247 1375 1049 1369 1759 1497 1931 1236 1642 1822 1800 1908 1579 1886 1433 1604 1402 1363 1857 1782 1203 1383 1232 1311 1541 1363 1032 1112 1853 1789 1866 1966 1371 1720 1059 1843 1780 1397 1845 1887 1842 1726 1519 1486 1837 1658 1668 1971 1952 1267 1192 1274 1335 1984 1381 1565 1119 1097 1129 BCNSPRNW ULIB Ver.6.0+V

เปลี่ยนเป็นภาษาไทย

Change to English
 แสดงรายละเอียดบรรณานุกรม
  กลับหน้าหลัก

Brief Record : Get Marc (ISO 2709) : E-mail record : QR code < ปิดหน้าต่าง
LEADER : 00000nam 2200000uu 4500
001    13399123744
003     ULIB
008    141125s2556||||th 000 0 tha d
020    ^a9786165070881
060 04 ^aWE835^bน349น
100 0  ^aนวลอนงค์ ชัยปิยะพร
245 10 ^aนิ้วล็อก=^bTrigger finger/^cนวลอนงค์ ชัยปิยะพร
246 14 ^aTrigger finger
250    ^aพิมพ์ครั้งที่ 1
260    ^aกรุงเทพฯ :^bหมอชาวบ้าน,^c2556
300    ^a56 หน้า :^bภาพประกอบ ;^c21 ซม.
650  4 ^aนิ้วมือ, โรค^xการรักษา
650  4 ^aนิ้วมือ, โรค^xการป้องกันและควบคุม
650  4 ^aบาดเจ็บจากการใช้งานมากเกินไป
653    ^aนิ้วล็อก
945    ^p60^l0^i037094
945    ^p60^l0^i037095
945    ^p60^l0^i037096
945    ^p60^l0^i037097
999    ^aเกษร โพธิ์สุวรรณ
รายการนี้ยังไม่มีแท็ก
คุณยังไม่ได้ล็อกอิน คุณสามารถมีกิจกรรมร่วมกับเว็บไซต์ได้ แต่ต้องล็อกอินก่อน ::
  ล็อกอิน

รายการสื่อสารสนเทศ

ลำดับที่ ประเภท เลขเรียก/บาร์โค้ด สถานที่ สถานะ
1. วิทยาศาสตร์การแพทย์ และสุขภาพ
หนังสือสำรอง
สถานะ=หนังสือสำรอง
WE835 น349น ฉ.1 
  Barcode: 037094
ห้องสมุดวิทยาเขตสวรรค์ประชารักษ์
►ส่วนจัดเก็บหนังสือเก่า สปร
บนชั้น
  ขอยืม
2. วิทยาศาสตร์การแพทย์ และสุขภาพ
วิทยาศาสตร์การแพทย์ และสุขภาพ
WE835 น349น ฉ.2 
  Barcode: 037095
ห้องสมุดวิทยาเขตสวรรค์ประชารักษ์
►ส่วนจัดเก็บหนังสือเก่า สปร
บนชั้น
  ขอยืม
3. วิทยาศาสตร์การแพทย์ และสุขภาพ
วิทยาศาสตร์การแพทย์ และสุขภาพ
WE835 น349น ฉ.3 
  Barcode: 037096
ห้องสมุดวิทยาเขตสวรรค์ประชารักษ์
►ส่วนจัดเก็บหนังสือเก่า สปร
บนชั้น
  ขอยืม
4. วิทยาศาสตร์การแพทย์ และสุขภาพ
วิทยาศาสตร์การแพทย์ และสุขภาพ
WE835 น349น ฉ.4 
  Barcode: 037097
ห้องสมุดวิทยาเขตสวรรค์ประชารักษ์
►ส่วนจัดเก็บหนังสือเก่า สปร
บนชั้น
  ขอยืม

รายการใกล้เคียง
    ผู้แต่ง [นวลอนงค์ ชัยปิยะพร]

    หัวเรื่อง [บาดเจ็บจากการใช้งานมากเกินไป]

BibComment


ยังไม่เคยถูกคอมเมนท์

คอมเมนท์ทรัพยากรรายการนี้
  คอมเมนท์: นิ้วล็อก Trigger..


 Copyright 2026. Bcnsprnw @Library